Detalles MARC
| 000 -LÍDER |
| Campo fijo de descripción fija |
02175nam a22004334i 4500 |
| 001 - NÚMERO DE CONTROL |
| Campo de control |
3716018 |
| 003 - IDENTIFICADOR DEL NÚMERO DE CONTROL |
| Campo de control |
CO-MdFUSB |
| 005 - FECHA Y HORA DE LA ULTIMA TRANSACCIÓN |
| control field |
20180220120009.0 |
| 008 - ELEMENTOS DE LONGITUD FIJA -- INFORMACIÓN GENERAL |
| Campo fijo de descripción fija -- Información general |
801114s1981 pau g b 001 0 eng |
| 010 ## - NÚMERO DE CONTROL DE LA BIBLIOTECA DEL CONGRESO |
| Número de control LC |
80002380 |
| 020 ## - NÚMERO INTERNACIONAL NORMALIZADO PARA LIBROS |
| Número Internacional Normalizado del libro |
0800606523 |
| 040 ## - FUENTE DE CATALOGACIÓN |
| Agencia de catalogación original |
DLC |
| Agencia que realiza la modificación |
CO-MdFUSB |
| Idioma de catalogación |
spa |
| Agencia que realiza la transcripción |
CO-MdFUSB |
| Convenciones de la descripción |
rda |
| 041 1# - CÓDIGO DE IDIOMA |
| Código de idioma para texto/pista de sonido o título separado |
eng |
| 082 00 - NÚMERO DE CLASIFICACIÓN DECIMAL DEWEY |
| Número de la edición del Dewey |
24 |
| Número de clasificación |
G 224.93 |
| Clave de autor-Numero de item |
W855m |
| 100 1# - ASIENTO PRINCIPAL--NOMBRE PERSONAL |
| Nombre personal |
Wolff, Hans Walter. |
| Término relacionador |
autor |
| 240 00 - TITULO UNIFORME |
| Título uniforme |
<a href="Mit Micha reden : prophetie einst und jetzt">Mit Micha reden : prophetie einst und jetzt</a> |
| 242 00 - TRADUCCIÓN DEL TÍTULO POR AGENCIA CATALOGADORA |
| Título |
Miqueas el profeta |
| Idioma del título original |
Inglés |
| 245 00 - TÍTULO |
| Título del Material |
Micah the prophet |
| Mención de responsabilidad, etc. |
/ Hans Walter Wolff ; traducido por Ralph D. Gehrke. |
| 264 #1 - PRODUCCIÓN, PUBLICACIÓN, DISTRIBUCIÓN, MANUFACTURA, Y COPYRIGHT |
| Lugar de producción, publicación, distribución, manufactura |
Philadelphia : |
| Nombre del productor, publicador, distribuidor |
Fortress Press ; |
| Fecha de producción, publicación, distribución, manufactura, o copyright |
℗[1981] |
| 264 #4 - PRODUCCIÓN, PUBLICACIÓN, DISTRIBUCIÓN, MANUFACTURA, Y COPYRIGHT |
| Fecha de producción, publicación, distribución, manufactura, o copyright |
©1981 |
| 300 ## - DESCRIPCIÓN FÍSICA |
| Extensión |
xi, 223 páginas ; |
| Dimensiones |
23 cm. |
| Otros detalles físicos |
: |
| 336 ## - TIPO DE CONTENIDO |
| Fuente |
rdacontent |
| Término de tipo de contenido |
texto |
| Código de tipo de contenido |
txt |
| 337 ## - TIPO DE MEDIO |
| Fuente |
rdamedia |
| Nombre del tipo de medio |
sin mediación |
| Código del tipo de medio |
n |
| 338 ## - TIPO DE SOPORTE |
| Fuente |
rdacarrier |
| Nombre del tipo de soporte |
volumen |
| Código Tipo de soporte |
nc |
| 500 ## - NOTA GENERAL |
| Nota General |
Traducción del alemán Mit Micha reden. |
| 501 ## - NOTA DE “CON” |
| Nota de Contenido |
Incluye indice (página 221-223) |
| 504 ## - NOTA DE BIBLIOGRAFÍA, ETC. |
| Nota de bibliografía, etc |
Incluye referencias bibliográficas (páginas 221-217)<br/> |
| 505 #0 - NOTA DE CONTENIDO |
| Nota de contenido con formato preestablecido |
Miqueas de Moresheth: El perfil de un profeta -- La cultura de miqueas y el transfondo intelectual -- El golpe inminente del Señor: Miqueas 1 -- ¡No codiciarás! Miqueas 2: 1-11 -- La reunión y la ruptura: Miqueas 2: 12-13 -- Contra el profeta que conduce a mi pueblo por mal camino: Miqueas 3 -- El futuro de Sion: Miqueas 3:9 - 5:14 -- Principios claros Miqueas 6 -- Confusión y perdón: Miqueas 7 -- "Certeza de fe" y responsabilidad pública: Miqueas 2-3 -- ¿Qué vendrá para la iglesia? Miqueas 3-5 -- "No se enseñaran más para la guerra" Miqueas: 4: 1-5 -- ¡Ay de los sueños ilusorios! (Las raíces del terrorismo): Miqueas 2 -- ¿Qué es bueno para un ser humano? (viviendo con terror): Miqueas 6 -- El Camino del Aislamiento (Victoria sobre el terror): Miqueas 7 |
| 563 ## - NOTA DE ENCUADERNACIÓN |
| Nota de encuadernación |
Tapa dura |
| 650 #0 - ASIENTO SECUNDARIO DE MATERIA - TERMINO TEMÁTICO |
| 9 (RLIN) |
360 |
| Término temático o nombre geográfico como elemento de entrada |
Biblia |
| Término temático que sigue al nombre geográfico como elemento de entrada |
Evidencias, autoridad, etc. |
| 653 ## - TÉRMINO DE INDIZACIÓN - NO CONTROLADO |
| Término no controlado |
Interpretación |
| 653 ## - TÉRMINO DE INDIZACIÓN - NO CONTROLADO |
| Término no controlado |
Crítica |
| 653 ## - TÉRMINO DE INDIZACIÓN - NO CONTROLADO |
| Término no controlado |
Miqueas |
| 700 ## - ASIENTO SECUNDARIO - NOMBRE PERSONAL |
| Nombre personal |
Gehrke., Ralph D. |
| Responsabilidad |
traductor |
| 906 ## - LOCAL DATA ELEMENT F, LDF (RLIN) |
| a |
7 |
| b |
cbc |
| c |
orignew |
| d |
u |
| e |
ocip |
| f |
19 |
| g |
y-gencatlg |
| 942 ## - TIPO DE MATERIAL (KOHA) |
| Tipo de Item KOHA |
Libros General |